[Event "Schachsommer 2019"]
[Site "Dresden"]
[Date "2019.08.09"]
[Round "1.1"]
[White "Ferster, Fabian"]
[Black "Heimann, Andreas"]
[Result "1/2-1/2"]
[WhiteElo "2150"]
[BlackElo "2634"]
[Annotator "TA"]
[PlyCount "70"]
[EventDate "2019.08.10"]
[EventType "swiss"]
[EventCountry "GER"]
[SourceTitle "playchess.com"]
[Source "ChessBase"]
[SourceQuality "1"]

{[%evp 13,70,0,13,-7,4,-9,-3,-3,-7,-8,0,-1,-7,-5,0,0,0,0,0,0,0,0,0,-11,-24,-11,-16,-26,0,0,0,0,19,0,12,7,20,11,24,26,25,26,37,33,40,13,14,14,25,11,11,12,8,0,0,0,9,0,0]} 1. c4 c5 2. Nc3 g6 3. g3 Bg7 4. Bg2 Nc6 {[%cal Bb8c6,Bc6b4,Bb4d3,Bd3c1][%mdl 32]} 5. e3 e5 6. Nge2 Nge7 7. O-O O-O 8. f4 {A36: Symmetrical English vs ...g6: 4 Bg2 Bg7} (8. Nd5 d6 9. Nec3 Bf5 10. d3 Qd7 11. a3 Bh3 12. Rb1 Bxg2 13. Kxg2 Nxd5 14. cxd5 Ne7 15. b4 cxb4 16. axb4 {0-1 (49) Nakamura,H (2793)-Svidler,P (2747) Zuerich 2017}) 8... d6 9. b3 Nb4 $146 ({Predecessor:} 9... Be6 10. Bb2 d5 11. cxd5 Nxd5 12. Rc1 Ndb4 13. Be4 Bg4 14. Rf2 Nd3 15. Bxd3 Qxd3 {0-1 (36) Gunnarsson,G (2023)-Bergsson,S (2175) Reykjavik 2018}) 10. a3 Nd3 11. Qc2 Nxc1 12. Raxc1 Rb8 13. Nd5 f5 14. b4 e4 15. Nec3 Nxd5 16. Nxd5 Be6 17. bxc5 dxc5 18. d3 exd3 19. Qxd3 Kh8 20. Rfd1 Re8 21. Rb1 Qd7 22. Qb3 {Nf6! is the strong threat.} Qf7 23. Kh1 Red8 24. a4 {[%cal Ba3a4,Ba4a5][%mdl 32]} Rd7 25. Qa3 b6 26. a5 Rd6 27. Rd3 Bxd5 28. Bxd5 Qc7 29. axb6 Rdxb6 30. Rdb3 Bf6 31. Kg2 Kg7 {The position is equal.} 32. Qa5 Bd8 33. Qc3+ Bf6 34. Qa5 Bd8 35. Qc3+ Bf6 {Accuracy: White = 59%, Black = 62%.} 1/2-1/2

[Event "Schachsommer 2019"]
[Site "Dresden"]
[Date "2019.08.09"]
[Round "1.2"]
[White "Efimenko, Zahar"]
[Black "Reinemer, Frank"]
[Result "1-0"]
[WhiteElo "2608"]
[BlackElo "2088"]
[Annotator "TA"]
[PlyCount "63"]
[EventDate "2019.08.10"]
[EventType "swiss"]
[EventCountry "GER"]
[SourceTitle "playchess.com"]
[Source "ChessBase"]
[SourceQuality "1"]

{[%evp 16,63,53,54,47,51,56,40,49,34,73,58,119,128,180,201,196,161,146,148,210,216,360,328,484,508,1216,1190,29992,29993,29993,745,693,686,637,516,539,521,586,543,668,657,842,632,29993,29994,29995,29996,29997,29997]} 1. e4 Nf6 2. e5 Nd5 3. d4 d6 4. Nf3 g6 5. Bc4 Nb6 6. Bb3 Bg7 7. Qe2 O-O 8. h3 Nc6 9. O-O dxe5 {B04: Alekhine's Defence: 4 Nf3} 10. dxe5 Nd4 11. Nxd4 Qxd4 {White is slightly better.} 12. Re1 Bf5 (12... a5 13. c3 Qh4 14. Nd2 {1-0 (29) Iordachescu,V (2597)-Parligras,M (2645) Bucharest 2018}) 13. Nc3 Rae8 $146 (13... c5 $14) ({Predecessor:} 13... c5 14. e6 fxe6 {1-0 (54) Kariz,P (2520)-Piersig,K (2350) ICCF corr 1997}) 14. a4 $16 {[%cal Ba2a4,Ba4a5][%mdl 32]} Qd8 (14... c6 $16) 15. a5 $18 Na8 16. Bf4 c6 17. Qe3 a6 (17... Nc7 $16 18. Qxa7 Qa8) 18. Bh6 Qc8 (18... Nc7 {was worth a try.} 19. Ra4 Nb5) 19. Ra4 Be6 (19... Bh8 {was called for.} 20. Rh4 Nc7 21. Bxf8 Kxf8 22. Rxh7 Bg7) 20. Rh4 {White wants to mate with Bxg7.} Bxb3 (20... Bh8 $142 21. Bxf8 Kxf8 22. Bxe6 Qxe6) 21. Bxg7 {Qh6 would kill now.} Bxc2 22. Qh6 {[%csl Gh4][%cal Rh6h7]} g5 {[#]} 23. Bxf8 (23. Bf6 $142 $1 {[%mdl 512]} exf6 {[#]} 24. exf6 $1 {[%mdl 512]} Rxe1+ 25. Kh2 Qc7+ 26. f4 Qxf4+ 27. Rxf4 Rh1+ 28. Kxh1 gxf4 29. Qg7#) 23... Rxf8 24. Qxg5+ Bg6 25. Qxe7 Nc7 26. Ne4 Nd5 27. Qg5 Re8 28. f4 Qc7 29. Kh2 {Strongly threatening Nf6+.} Qxa5 30. Nf6+ {White mates.} Kf8 31. Nxh7+ Bxh7 32. Qh6+ {Accuracy: White = 82%, Black = 22%.} 1-0

[Event "Schachsommer 2019"]
[Site "Dresden"]
[Date "2019.08.09"]
[Round "1.3"]
[White "Butscher, Daniel"]
[Black "Dann, Matthias"]
[Result "1-0"]
[WhiteElo "2126"]
[BlackElo "2527"]
[Annotator "ChessBase"]
[PlyCount "185"]
[EventDate "2019.08.10"]
[EventType "swiss"]
[EventCountry "GER"]
[SourceTitle "playchess.com"]
[Source "ChessBase"]
[SourceQuality "1"]
[TimeControl "40/5400+30:1800+30"]

1. d4 {[%emt 1:30:24]} Nf6 {[%emt 1:30:24]} 2. Nc3 {[%emt 1:30:33]} d5 {[%emt 1:30:46]} 3. Bf4 {[%emt 1:30:51]} g6 {[%emt 1:26:07]} 4. e3 {[%emt 1:30:13]} Bg7 {[%emt 1:26:05]} 5. h4 {[%emt 1:28:47]} h6 {[%emt 1:24:52]} 6. Be2 {[%emt 1:24:14]} c5 {[%emt 1:22:28]} 7. Nb5 {[%emt 1:17:54]} Na6 {[%emt 1:22:47]} 8. Nf3 {[%emt 1:17:23]} Ne4 {[%emt 1:08:38]} 9. a4 {[%emt 1:12:39]} Bf5 {[%emt 1:01:12]} 10. c3 {[%emt 1:11:20]} O-O {[%emt 1:11:50]} 11. Nd2 {[%emt 1:00:01]} Nd6 {[%emt 0:51:18]} 12. g4 {[%emt 0:56:37]} Be6 {[%emt 0:51:25]} 13. g5 {[%emt 0:49:14]} h5 {[%emt 0:51:29]} 14. Rg1 {[%emt 0:47:38]} Bf5 {[%emt 0:43:19]} 15. Nf1 {[%emt 0:44:11]} Ne4 {[%emt 0:23:29]} 16. f3 {[%emt 0:32:45]} Nd6 {[%emt 0:23:55]} 17. Ng3 {[%emt 0:32:55]} Be6 {[%emt 0:22:47]} 18. Nxd6 {[%emt 0:24:52]} exd6 {[%emt 0:22:54]} 19. Qb3 {[%emt 0:24:47]} Qe7 {[%emt 0:25:17]} 20. Kf2 {[%emt 0:24:49]} Nb8 {[%emt 0:20:45]} 21. Rge1 {[%emt 0:23:32]} Nc6 {[%emt 0:18:52]} 22. Rad1 {[%emt 0:20:06]} b6 {[%emt 0:13:19]} 23. Bb5 {[%emt 0:17:23]} Rac8 {[%emt 0:09:38]} 24. Bxc6 {[%emt 0:10:08]} Rxc6 {[%emt 0:10:03]} 25. e4 {[%emt 0:16:31]} f6 {[%emt 0:05:08]} 26. exd5 {[%emt 0:16:16]} c4 {[%emt 0:04:11]} 27. Qb5 {[%emt 0:13:17]} fxg5 {[%emt 0:04:21]} 28. Bxg5 {[%emt 0:07:49]} Qf7 {[%emt 0:04:40]} 29. f4 {[%emt 0:05:10]} Bxd5 {[%emt 0:02:15]} 30. Re7 {[%emt 0:02:15]} a6 {[%emt 0:02:15]} 31. Qxa6 Qxe7 32. Bxe7 {[%emt 0:02:15]} Rxf4+ {[%emt 0:05:48]} 33. Kg1 {[%emt 0:05:48]} Rg4 {[%emt 0:02:19]} 34. Kh2 {[%emt 0:05:37]} Rc7 {[%emt 0:02:16]} 35. Bxd6 {[%emt 0:02:46]} Rf7 {[%emt 0:01:59]} 36. Rd2 {[%emt 0:04:08]} Bf3 {[%emt 0:00:11]} 37. Qc8+ {[%emt 0:03:15]} Kh7 {[%emt 0:00:36]} 38. Rf2 {[%emt 0:03:06]} g5 {[%emt 0:00:18]} 39. hxg5 {[%emt 0:01:26]} Bb7 {[%emt 0:00:12]} 40. Rxf7 {[%emt 0:00:16]} Bxc8 {[%emt 0:00:38]} 41. Rc7 {[%emt 0:24:02]} Be6 {[%emt 0:30:43]} 42. Be7 {[%emt 0:23:49]} Kg6 {[%emt 0:29:00]} 43. Rc6 {[%emt 0:29:30]} Kf7 {[%emt 0:23:41]} 44. Bd8 {[%emt 0:29:52]} Rh4+ {[%emt 0:24:03]} 45. Kg1 {[%emt 0:23:49]} Rg4 {[%emt 0:28:12]} 46. Kf2 {[%emt 0:23:10]} h4 {[%emt 0:28:15]} 47. g6+ {[%emt 0:20:58]} Rxg6 {[%emt 0:20:47]} 48. Bxh4 {[%emt 0:15:49]} Rh6 {[%emt 0:20:22]} 49. Ne4 {[%emt 0:13:45]} Bd5 {[%emt 0:18:53]} 50. Rxh6 {[%emt 0:11:30]} Bxh6 {[%emt 0:19:19]} 51. Nd6+ {[%emt 0:11:51]} Ke6 {[%emt 0:12:21]} 52. Nc8 {[%emt 0:12:16]} Bc1 {[%emt 0:19:38]} 53. Ke2 {[%emt 0:09:50]} Bxb2 {[%emt 0:07:19]} 54. Kd2 {[%emt 0:09:59]} Bc6 {[%emt 0:06:08]} 55. Nxb6 {[%emt 0:09:59]} Ba3 {[%emt 0:06:34]} 56. Nxc4 {[%emt 0:09:34]} Bf8 {[%emt 0:06:39]} 57. a5 {[%emt 0:09:39]} Bb5 {[%emt 0:05:42]} 58. Nb6 {[%emt 0:08:19]} Bd6 {[%emt 0:06:00]} 59. c4 {[%emt 0:08:16]} Bb4+ {[%emt 0:06:17]} 60. Kd3 {[%emt 0:07:22]} Ba6 {[%emt 0:05:30]} 61. d5+ {[%emt 0:06:00]} Kf7 {[%emt 0:04:58]} 62. Kd4 {[%emt 0:05:53]} Bxa5 {[%emt 0:05:22]} 63. Nd7 {[%emt 0:05:42]} Bc8 {[%emt 0:04:30]} 64. Ne5+ {[%emt 0:06:01]} Ke8 {[%emt 0:04:56]} 65. c5 {[%emt 0:05:26]} Bh3 {[%emt 0:04:47]} 66. Nc4 {[%emt 0:05:35]} Bb4 {[%emt 0:04:26]} 67. Nd6+ {[%emt 0:05:26]} Kd7 {[%emt 0:04:43]} 68. Bg3 {[%emt 0:05:13]} Kd8 {[%emt 0:02:05]} 69. Kc4 {[%emt 0:05:21]} Ba3 {[%emt 0:02:18]} 70. Kb5 {[%emt 0:05:26]} Bg2 {[%emt 0:01:15]} 71. Kc6 {[%emt 0:05:39]} Ke7 {[%emt 0:01:32]} 72. Bh4+ {[%emt 0:05:33]} Kf8 {[%emt 0:01:57]} 73. Be1 {[%emt 0:04:30]} Bc1 {[%emt 0:01:57]} 74. Bc3 {[%emt 0:04:30]} Ke7 {[%emt 0:01:54]} 75. Nf5+ {[%emt 0:03:58]} Kd8 {[%emt 0:04:28]} 76. Kd6 {[%emt 0:03:52]} Bh3 {[%emt 0:01:07]} 77. Ke5 {[%emt 0:03:43]} Ba3 {[%emt 0:00:52]} 78. c6 {[%emt 0:01:22]} Kc8 {[%emt 0:00:39]} 79. Nd6+ {[%emt 0:02:32]} Bxd6+ {[%emt 0:00:27]} 80. Kxd6 {[%emt 0:03:00]} Bg2 {[%emt 0:00:48]} 81. Be5 {[%emt 0:02:22]} Bf3 {[%emt 0:01:13]} 82. Kc5 {[%emt 0:02:43]} Bg2 {[%emt 0:01:39]} 83. Bf4 {[%emt 0:03:08]} Bf3 {[%emt 0:02:05]} 84. Kd4 {[%emt 0:03:28]} Bg2 {[%emt 0:02:29]} 85. Ke5 {[%emt 0:03:49]} Bf3 {[%emt 0:02:54]} 86. Kd6 {[%emt 0:03:45]} Bg2 {[%emt 0:03:20]} 87. Kc5 {[%emt 0:04:12]} Bf3 {[%emt 0:03:47]} 88. d6 {[%emt 0:04:39]} Bg4 {[%emt 0:04:13]} 89. Bg5 {[%emt 0:04:57]} Bh3 {[%emt 0:04:37]} 90. Kd4 {[%emt 0:05:21]} Bg4 {[%emt 0:05:04]} 91. Ke5 {[%emt 0:05:45]} Bh3 {[%emt 0:05:30]} 92. Kf6 {[%emt 0:05:59]} Bg4 {[%emt 0:05:55]} 93. Ke7 {[%emt 0:06:25]} 1-0

[Event "Schachsommer 2019"]
[Site "Dresden"]
[Date "2019.08.09"]
[Round "1.4"]
[White "Gajek, Radoslaw"]
[Black "Stabolewski, Andreas"]
[Result "1/2-1/2"]
[WhiteElo "2423"]
[BlackElo "2121"]
[Annotator "NA"]
[PlyCount "81"]
[EventDate "2019.08.10"]
[EventType "swiss"]
[EventCountry "GER"]
[SourceTitle "playchess.com"]
[Source "ChessBase"]
[SourceQuality "1"]
[TimeControl "40/5400+30:1800+30"]

1. Nf3 {[%emt 1:30:25]} Nf6 {[%emt 1:29:59]} 2. c4 {[%emt 1:29:26]} e6 {[%emt 1:29:24]} 3. d4 {[%emt 1:28:24]} b6 {[%emt 1:29:31]} 4. g3 {[%emt 1:28:48]} Ba6 {[%emt 1:29:27]} 5. b3 {[%emt 1:27:10]} Bb4+ {[%emt 1:27:40]} 6. Bd2 {[%emt 1:26:58]} Be7 {[%emt 1:29:24]} 7. Bg2 {[%emt 1:27:13]} O-O {[%emt 1:28:57]} 8. Nc3 {[%emt 1:27:01]} d5 {[%emt 1:24:05]} 9. cxd5 {[%emt 1:26:00]} exd5 {[%emt 1:23:33]} 10. O-O {[%emt 1:26:19]} Re8 {[%emt 1:21:10]} 11. Qc2 {[%emt 1:21:19]} Nbd7 {[%emt 1:11:09]} 12. Ne5 {[%emt 1:16:59]} Bb7 {[%emt 1:09:34]} 13. Rad1 {[%emt 1:05:15]} c5 {[%emt 0:58:14]} 14. Nxd7 {[%emt 0:56:04]} Qxd7 {[%emt 0:58:15]} 15. Bg5 {[%emt 0:51:34]} cxd4 {[%emt 0:48:25]} 16. Rxd4 {[%emt 0:49:51]} h6 {[%emt 0:45:58]} 17. Nxd5 {[%emt 0:29:26]} Nxd5 {[%emt 0:45:57]} 18. Bxe7 {[%emt 0:29:47]} Qxe7 {[%emt 0:44:43]} 19. Bxd5 {[%emt 0:30:03]} Bxd5 {[%emt 0:43:54]} 20. Rxd5 {[%emt 0:30:28]} Qxe2 {[%emt 0:37:30]} 21. Rd2 {[%emt 0:28:24]} Qe7 {[%emt 0:33:08]} 22. Rfd1 {[%emt 0:22:55]} Rad8 {[%emt 0:23:25]} 23. Rxd8 {[%emt 0:19:21]} Rxd8 {[%emt 0:31:56]} 24. Rxd8+ {[%emt 0:19:47]} Qxd8 {[%emt 0:32:20]} 25. Qe4 {[%emt 0:20:13]} g6 {[%emt 0:26:00]} 26. Kg2 {[%emt 0:26:30]} a5 {[%emt 0:19:54]} 27. a4 {[%emt 0:18:01]} Kg7 {[%emt 0:17:50]} 28. Qc4 {[%emt 0:16:18]} Qf6 {[%emt 0:17:16]} 29. f4 {[%emt 0:14:13]} h5 {[%emt 0:15:30]} 30. Kf3 {[%emt 0:14:31]} Qa1 {[%emt 0:12:29]} 31. Qc2 {[%emt 0:06:42]} Qd4 {[%emt 0:11:17]} 32. h3 {[%emt 0:11:47]} Qd5+ {[%emt 0:09:10]} 33. Kf2 {[%emt 0:09:40]} h4 {[%emt 0:07:38]} 34. Ke2 {[%emt 0:07:38]} Qd4 {[%emt 0:07:38]} 35. gxh4 {[%emt 0:03:22]} Qxf4 {[%emt 0:07:46]} 36. Qc3+ {[%emt 0:03:01]} Qf6 {[%emt 0:07:37]} 37. Qg3 {[%emt 0:02:49]} Qb2+ {[%emt 0:07:04]} 38. Kd1 {[%emt 0:07:34]} Qb1+ {[%emt 0:02:52]} 39. Kd2 {[%emt 0:03:22]} Qb2+ {[%emt 0:02:39]} 40. Kd1 {[%emt 0:03:09]} Qb1+ {[%emt 0:03:04]} 41. Kd2 {[%emt 0:04:19]} 1/2-1/2

[Event "Schachsommer 2019"]
[Site "Dresden"]
[Date "2019.08.09"]
[Round "1.5"]
[White "Walther, Hans-Wolfgang"]
[Black "Mkrtchaian, Lilit"]
[Result "0-1"]
[WhiteElo "2120"]
[BlackElo "2396"]
[Annotator "NA"]
[PlyCount "58"]
[EventDate "2019.08.10"]
[EventType "swiss"]
[EventCountry "GER"]
[SourceTitle "playchess.com"]
[Source "ChessBase"]
[SourceQuality "1"]
[TimeControl "40/5400+30:1800+30"]

1. d4 {[%emt 1:30:26]} e6 {[%emt 1:29:59]} 2. Nf3 {[%emt 1:29:48]} c5 {[%emt 1:29:50]} 3. c4 {[%emt 1:22:55]} cxd4 {[%emt 1:28:52]} 4. Nxd4 {[%emt 1:23:23]} Nf6 {[%emt 1:23:53]} 5. Nc3 {[%emt 1:29:05]} a6 {[%emt 1:26:34]} 6. e4 {[%emt 1:14:48]} Qc7 {[%emt 1:24:01]} 7. Bd3 {[%emt 1:08:20]} Nc6 {[%emt 1:21:44]} 8. Nxc6 {[%emt 1:08:24]} dxc6 {[%emt 1:17:13]} 9. f4 {[%emt 1:03:01]} e5 {[%emt 1:15:29]} 10. f5 {[%emt 1:15:59]} Bc5 {[%emt 1:15:14]} 11. Qf3 {[%emt 0:45:37]} h5 {[%emt 0:53:36]} 12. g3 {[%emt 0:40:32]} Bd7 {[%emt 0:38:15]} 13. Bd2 {[%emt 0:34:04]} Ng4 {[%emt 0:34:08]} 14. h3 {[%emt 0:30:54]} Nf2 {[%emt 0:31:24]} 15. Rh2 {[%emt 0:31:17]} Nxd3+ {[%emt 0:34:38]} 16. Qxd3 {[%emt 0:31:40]} O-O-O {[%emt 0:34:43]} 17. Qc2 {[%emt 0:35:13]} Bd4 {[%emt 0:33:59]} 18. Ne2 {[%emt 0:27:57]} c5 {[%emt 0:30:34]} 19. Nxd4 {[%emt 0:27:37]} cxd4 {[%emt 0:30:59]} 20. Qd3 {[%emt 0:19:55]} g6 {[%emt 0:28:45]} 21. Bg5 {[%emt 0:11:02]} gxf5 {[%emt 0:21:38]} 22. Bxd8 {[%emt 0:11:13]} Rxd8 {[%emt 0:21:49]} 23. exf5 {[%emt 0:08:47]} Bc6 {[%emt 0:16:35]} 24. Re2 {[%emt 0:03:45]} e4 25. Rxe4 {[%emt 0:04:14]} Bxe4 {[%emt 0:04:44]} 26. Qxe4 {[%emt 0:04:43]} Qxg3+ {[%emt 0:05:13]} 27. Ke2 {[%emt 0:03:04]} d3+ {[%emt 0:11:08]} 28. Kf1 {[%emt 0:02:31]} Rg8 {[%emt 0:03:01]} 29. Qh1 {[%emt 0:02:04]} Qf4+ {[%emt 0:09:45]} 0-1

[Event "Schachsommer 2019"]
[Site "Dresden"]
[Date "2019.08.11"]
[Round "2.1"]
[White "Gentemann, Moritz"]
[Black "Efimenko, Zahar"]
[Result "0-1"]
[WhiteElo "2177"]
[BlackElo "2608"]
[Annotator "TA"]
[PlyCount "109"]
[EventDate "2019.08.10"]
[EventType "swiss"]
[EventCountry "GER"]
[SourceTitle "playchess.com"]
[Source "ChessBase"]
[SourceQuality "1"]

{[%evp 9,109,17,17,16,24,17,26,19,23,20,32,-10,4,-4,0,0,-6,-47,-33,-62,-58,-54,-66,-63,-69,-58,-54,-64,-84,-143,-143,-351,-241,-241,-233,-232,-231,-352,-226,-265,-272,-275,-268,-277,-264,-269,-268,-588,-590,-582,-588,-689,-682,-927,-887,-1020,-1025,-1014,-1012,-1014,-1014,-962,-912,-1782,-1699,-29938,-12614,-29940,-29942,-6398,-5197,-5197,-7106,-6426,-6543,-6431,-6070,-6395,-6338,-29966,0,-5173,0,-29968,-29970,-29971,-29971,-29974,-29974,-29977,-29978,-29978,-29979,-29979,-29978,-29982,-29983,-29983,-29983,-29984,-29974,-29973]} 1. c4 {[%emt 1:30:27] RC} e6 {[%emt 1:28:43]} 2. Nc3 {[%emt 1:30:39]} b6 {[%emt 1:27:18]} 3. e4 {[%emt 1:28:57]} Bb7 {[%emt 1:26:38]} 4. Nf3 {[%emt 1:29:13]} c5 {[%emt 1:29:43]} 5. Be2 {[%emt 1:25:52]} (5. d4 cxd4 6. Nxd4 d6 7. Be2 Nf6 8. f3 Be7 9. O-O a6 10. Be3 O-O 11. Qd2 Qc7 12. Rac1 Nbd7 13. Rfd1 Rac8 14. Kh1 Rfe8 15. Bf1 Qb8 16. Bf2 Bd8 17. Bg1 Kh8 18. b4 Bc7 19. Rb1 Rg8 20. Nb3 Rcd8 21. a4 Ne5 22. a5 bxa5 23. Nxa5 Ba8 {1-0 (43) Potkin,V (2597)-Hou,Y (2663) Almaty 2016}) 5... Nf6 {[%emt 1:26:22]} 6. e5 {[%emt 1:17:12] A34: Symmetrical English: 2 Nc3, lines with ...d5} Ne4 {[%emt 1:16:28]} 7. O-O {[%emt 1:19:25]} Be7 {[%emt 1:13:06]} 8. d4 $146 {[%emt 1:12:34] White has an edge.} ({Predecessor:} 8. Nxe4 Bxe4 9. d4 d5 10. Be3 O-O 11. Nd2 Bg6 12. cxd5 exd5 13. Rc1 c4 {½-½ (44) Klinkhammer,M (1995)-Schneider,S (1611) Germany 2012}) 8... Nxc3 {[%emt 1:13:04]} 9. bxc3 {[%emt 1:13:01]} d5 {[%emt 0:55:17]} 10. Be3 {[%emt 0:55:47]} cxd4 {[%emt 0:52:11]} 11. Nxd4 {[%emt 0:49:53]} O-O {[%emt 0:49:18]} 12. f4 {[%emt 0:36:27]} Nc6 {[%emt 0:48:36]} 13. Qe1 {[%emt 0:21:39]} dxc4 {[%emt 0:43:54]} 14. Rd1 {[%emt 0:16:14] Hoping for Nxc6.} Nxd4 {[%emt 0:42:34]} 15. Rxd4 {[%emt 0:16:30][%mdl 64] [#] Double Attack} Qe8 {[%emt 0:41:38] And now ...Bc5 would win.} 16. Bxc4 {[%emt 0:13:08]} Bc5 $36 {[%emt 0:40:36][%mdl 2048] Black is pushing.} 17. Rd2 {[%emt 0:10:49]} Qc6 {[%emt 0:11:19]} 18. Bd3 {[%emt 0:09:57]} g6 {[%emt 0:10:27]} 19. Rf3 {[%emt 0:06:06]} ({Better is} 19. Bd4) 19... Rfd8 $17 {[%emt 0:28:27]} 20. Qh4 $2 {[%emt 0:05:45]} (20. Bf1 $17 {was worth a try.}) 20... Bxe3+ {[%emt 0:25:45]} 21. Rxe3 {[%emt 0:06:13] Threatens to win with Bxg6!} Qxc3 {[%emt 0:06:43]} 22. Qf2 {[%emt 0:01:42]} Rac8 {[%emt 0:16:20]} ({Don't do} 22... Ba6 23. Rc2 $17) 23. Rc2 {[%emt 0:00:32]} (23. h3 $142) 23... Qd4 {[%emt 0:15:25]} 24. Rxc8 {[%emt 0:00:31]} Rxc8 {[%emt 0:15:40]} 25. Bf1 {[%emt 0:00:10]} Bd5 {[%emt 0:13:59]} 26. Re2 {[%emt 0:00:30]} Qxf2+ {[%emt 0:13:30]} 27. Kxf2 $19 {[%emt 0:00:54][%mdl 4096] Endgame KRB-KRB} Rc3 {[%emt 0:13:46]} 28. Ke1 $2 {[%emt 0:00:04]} (28. Rb2) 28... Rc1+ {[%emt 0:00:34]} 29. Kf2 {[%emt 0:00:29]} Bc4 {[%emt 0:10:48] RC} 30. Re1 {[%emt 0:00:55]} Rxe1 {[%emt 0:01:23]} 31. Kxe1 {[%emt 0:01:23]} Bxf1 {[%emt 0:10:08]} 32. Kxf1 {[%emt 0:01:51]} Kf8 {[%emt 0:10:19]} 33. Ke2 {[%emt 0:02:14]} Ke7 {[%emt 0:10:43]} 34. Kd3 {[%emt 0:02:39]} Kd7 {[%emt 0:11:07]} 35. Kc4 {[%emt 0:00:36]} Kc6 {[%emt 0:11:23]} 36. a4 {[%emt 0:00:46]} a6 {[%emt 0:09:33]} 37. Kd4 {[%emt 0:01:04]} b5 {[%emt 0:07:34]} 38. a5 {[%emt 0:01:13]} b4 {[%emt 0:01:43]} 39. Kc4 {[%emt 0:01:32]} b3 {[%emt 0:07:59]} 40. Kxb3 {[%emt 0:08:29]} Kb5 {[%emt 0:08:26]} 41. Kc3 {[%emt 0:01:13]} Kxa5 {[%emt 0:08:47]} 42. Kc4 {[%emt 0:01:12]} Kb6 {[%emt 0:08:59]} 43. Kb4 {[%emt 0:29:10]} Kc6 {[%emt 0:37:26]} 44. Kc4 {[%emt 0:29:10]} Kb6 {[%emt 0:29:10]} 45. Kb4 {[%emt 0:37:26]} Kc6 {[%emt 0:37:26]} 46. Kc4 {[%emt 0:29:02]} h5 {[%emt 0:35:21]} 47. g3 {[%emt 0:29:20]} a5 {[%emt 0:35:47]} 48. Kd4 {[%emt 0:28:51]} Kb5 {[%emt 0:35:28]} 49. Kc3 {[%emt 0:29:11]} Kc5 {[%emt 0:35:55]} 50. Kb3 {[%emt 0:29:33]} Kd4 {[%emt 0:34:45]} 51. Ka4 {[%emt 0:29:56]} Ke4 {[%emt 0:35:11]} 52. Kxa5 {[%emt 0:30:16]} Kf3 {[%emt 0:35:20]} 53. Kb5 {[%emt 0:30:37]} Kg2 {[%emt 5:20:08]} 54. Z0 Kf3 55. Kc5 0-1

[Event "Schachsommer 2019"]
[Site "Dresden"]
[Date "2019.08.11"]
[Round "2.2"]
[White "Mkrtchian, Lilit"]
[Black "Koelle, Tobias"]
[Result "0-1"]
[WhiteElo "2395"]
[BlackElo "2159"]
[Annotator "NA"]
[PlyCount "90"]
[EventDate "2019.08.10"]
[EventType "swiss"]
[EventCountry "GER"]
[SourceTitle "playchess.com"]
[Source "ChessBase"]
[SourceQuality "1"]
[TimeControl "40/5400+30:1800+30"]

1. c4 {[%emt 1:30:30]} g6 {[%emt 1:30:23]} 2. d4 {[%emt 1:29:08]} Bg7 {[%emt 1:30:40]} 3. e4 {[%emt 1:28:33]} d6 {[%emt 1:31:02]} 4. Nc3 {[%emt 1:28:29]} Nf6 {[%emt 1:31:17]} 5. Nf3 {[%emt 1:27:39]} O-O {[%emt 1:31:34]} 6. Be2 {[%emt 1:28:06]} e5 {[%emt 1:31:39]} 7. O-O {[%emt 1:20:43]} Nc6 {[%emt 1:31:53]} 8. Be3 {[%emt 1:20:41]} Ng4 {[%emt 1:27:51]} 9. Bg5 {[%emt 1:20:51]} f6 {[%emt 1:21:21]} 10. Bh4 {[%emt 1:21:07]} h5 {[%emt 1:21:37]} 11. h3 {[%emt 1:02:06]} Nh6 {[%emt 1:02:36]} 12. dxe5 {[%emt 1:02:13]} dxe5 {[%emt 1:25:05]} 13. Qb3 {[%emt 1:02:33]} Qe8 {[%emt 1:03:03]} 14. c5+ {[%emt 1:00:14]} Kh8 {[%emt 1:09:48]} 15. Nd5 {[%emt 0:58:35]} Qf7 {[%emt 4:53:15]} 16. Rfd1 {[%emt 1:05:38]} Rb8 {[%emt 0:52:28]} 17. Qc3 {[%emt 0:51:44]} Be6 {[%emt 0:50:01]} 18. Bc4 {[%emt 0:38:27]} Rbd8 {[%emt 0:41:54]} 19. Rac1 {[%emt 0:22:36]} g5 {[%emt 0:36:15]} 20. Bg3 {[%emt 0:22:52]} g4 {[%emt 0:35:31]} 21. hxg4 {[%emt 0:22:54]} hxg4 {[%emt 0:35:50]} 22. Nh4 {[%emt 0:22:45]} Nd4 {[%emt 0:33:54]} 23. Ne3 {[%emt 0:11:00]} Kh7 {[%emt 0:30:01]} 24. Kf1 {[%emt 0:07:19]} Rd7 {[%emt 0:07:49]} 25. b3 {[%emt 0:03:28]} Rfd8 {[%emt 0:03:58]} 26. Bd3 {[%emt 0:03:03]} Qh5 {[%emt 0:24:07]} 27. Nc2 {[%emt 0:01:36]} Nb5 {[%emt 0:19:19]} 28. Qb4 {[%emt 0:01:53]} c6 {[%emt 0:18:44]} 29. Be2 {[%emt 0:02:04]} Qg5 {[%emt 0:02:34]} 30. Ne3 {[%emt 0:01:10]} Nd4 {[%emt 0:18:15]} 31. Bc4 {[%emt 0:01:18]} Bxc4+ {[%emt 0:17:26]} 32. Qxc4 {[%emt 0:01:26]} b5 {[%emt 0:13:40]} 33. cxb6 {[%emt 0:14:10]} axb6 {[%emt 0:14:08]} 34. Qc3 {[%emt 0:00:13]} Bf8 {[%emt 0:13:42]} 35. Qb2 {[%emt 0:00:18]} Kg8 {[%emt 0:11:41]} 36. b4 {[%emt 0:00:07]} Be7 {[%emt 0:10:54]} 37. Nc4 {[%emt 0:00:24]} b5 {[%emt 0:09:43]} 38. Na5 {[%emt 0:00:49]} f5 {[%emt 0:04:58]} 39. Nxf5 {[%emt 0:05:28]} Nhxf5 {[%emt 0:03:45]} 40. exf5 {[%emt 0:00:41]} Qh6 {[%emt 0:03:21]} 41. f3 {[%emt 0:19:21]} gxf3 {[%emt 0:31:47]} 42. Kf2 {[%emt 0:18:44]} Bh4 {[%emt 0:29:22]} 43. Ra1 Z0 44. Ke1 Z0 45. Nb7 Nc2+ {--- Rd2+} 0-1